[Event "RM-2022-0-00274"]
[Site "LSS email"]
[Date "2022.12.13"]
[Round "?"]
[White "Koch, Christian"]
[Black "Mujica, Hector"]
[Result "1/2-1/2"]
[WhiteElo "2335"]
[BlackElo "2187"]
[PlyCount "51"]
[EventDate "2022.10.13"]
[EventType "tourn (corr)"]
[EventRounds "6"]
[EventCountry "GER"]
[SourceTitle "Corr 2024"]
[Source "ChessBase"]
[SourceDate "2023.10.19"]
[SourceVersion "1"]
[SourceVersionDate "2023.10.19"]
[SourceQuality "1"]

1. e4 c5 2. Nf3 d6 3. d4 cxd4 4. Nxd4 Nf6 5. Nc3 a6 6. Bd3 e5 7. Nde2 Be7 8. 0-0 0-0 9. h3 Nc6 10. f4 Bd7 11. Be3 Rc8 12. Qd2 Re8 13. Rad1 b5 14. a3 exf4 15. Nxf4 Ne5 16. Kh1 Bc6 17. Bd4 h6 18. Qe2 Nfd7 19. Nfd5 Bg5 20. a4 Nxd3 21. Qxd3 Ne5 22. Bxe5 Rxe5 23. axb5 axb5 24. Nxb5 Bxb5 25. Qxb5 Rxc2 26. Qb3 1/2-1/2

[Event "LSS No Engine Cup 229 Preliminary 0"]
[Site "LSS email"]
[Date "2022.08.25"]
[Round "?"]
[White "Maly, Marian"]
[Black "Mujica, Hector"]
[Result "0-1"]
[WhiteElo "1150"]
[BlackElo "1545"]
[PlyCount "56"]
[EventDate "2022.08.25"]
[EventType "tourn (corr)"]
[EventRounds "6"]
[EventCountry "GER"]
[SourceTitle "Corr 2024"]
[Source "ChessBase"]
[SourceDate "2023.10.19"]
[SourceVersion "1"]
[SourceVersionDate "2023.10.19"]
[SourceQuality "1"]

1. d4 Nf6 2. Bf4 b6 3. e3 Bb7 4. f3 Nd5 5. Nh3 Nxf4 6. Nxf4 e6 7. a3 d5 8. c4 dxc4 9. Bxc4 Bd6 10. 0-0 0-0 11. Bd3 Bxf4 12. exf4 Qxd4+ 13. Rf2 Qxf4 14. Nc3 c5 15. Qc2 g6 16. Ne2 Qe5 17. Ng3 Nc6 18. Re2 Qd4+ 19. Kh1 Qg7 20. Re4 Nd4 21. Rxd4 Qxd4 22. Re1 Rfd8 23. h3 Qd6 24. Ne4 Qxd3 25. Qc1 Bxe4 26. fxe4 Qg3 27. Re3 Rd1+ 28. Qxd1 Qxe3 0-1

[Event "LSS No Engine Cup 223 Preliminary 0"]
[Site "LSS email"]
[Date "2021.11.19"]
[Round "?"]
[White "Mujica, Hector"]
[Black "Kelemen, Gyoergy"]
[Result "0-1"]
[WhiteElo "1600"]
[BlackElo "2259"]
[PlyCount "66"]
[EventDate "2021.11.19"]
[EventType "tourn (corr)"]
[EventRounds "6"]
[EventCountry "GER"]
[SourceTitle "Corr 2024"]
[Source "ChessBase"]
[SourceDate "2023.10.19"]
[SourceVersion "1"]
[SourceVersionDate "2023.10.19"]
[SourceQuality "1"]

1. d4 Nf6 2. c4 e6 3. Nc3 Bb4 4. a3 Bxc3+ 5. bxc3 c5 6. e3 b6 7. Bd3 Bb7 8. Nf3 0-0 9. 0-0 Be4 10. Bxe4 Nxe4 11. Qd3 f5 12. Nd2 Nxd2 13. Bxd2 Nc6 14. dxc5 Rc8 15. cxb6 axb6 16. e4 Ne5 17. Qg3 Nxc4 18. Bg5 Qc7 19. Qxc7 Rxc7 20. Rfe1 fxe4 21. Rxe4 Ra8 22. a4 b5 23. a5 Rca7 24. a6 Rxa6 25. Rxa6 Rxa6 26. h3 Ra3 27. Kh2 Rxc3 28. g4 b4 29. Re2 b3 30. Bf4 b2 31. Re1 Na3 32. Be5 Rc2 33. Bxb2 Rxf2+ 0-1

[Event "RA-2021-0-00678"]
[Site "LSS email"]
[Date "2021.03.17"]
[Round "?"]
[White "Mujica, Hector"]
[Black "Rodriguez, Raul"]
[Result "1-0"]
[WhiteElo "2118"]
[BlackElo "2093"]
[PlyCount "101"]
[EventDate "2020.11.18"]
[EventType "tourn (corr)"]
[EventRounds "6"]
[EventCountry "GER"]
[SourceTitle "Corr 2024"]
[Source "ChessBase"]
[SourceDate "2023.10.19"]
[SourceVersion "1"]
[SourceVersionDate "2023.10.19"]
[SourceQuality "1"]

1. d4 Nf6 2. c4 c5 3. d5 e6 4. Nc3 exd5 5. cxd5 d6 6. e4 g6 7. f4 Bg7 8. Bb5+ Nfd7 9. a4 0-0 10. Nf3 Nf6 11. 0-0 Bg4 12. h3 Bxf3 13. Qxf3 Nbd7 14. Bd2 a6 15. Bc4 Nb6 16. Ba2 Qc7 17. a5 Nbd7 18. Bc4 Rae8 19. Kh1 Re7 20. b3 Kh8 21. Rae1 Qxa5 22. e5 dxe5 23. d6 Ree8 24. Qxb7 Qd8 25. f5 Qc8 26. Qxc8 Rxc8 27. Rd1 h6 28. g4 e4 29. fxg6 fxg6 30. Ne2 Rce8 31. Nf4 Ne5 32. Bxa6 g5 33. Nh5 Nxh5 34. gxh5 Rxf1+ 35. Bxf1 Rb8 36. Bc4 Nd7 37. Be6 Nf8 38. Bg4 Rxb3 39. Be1 Bd4 40. d7 Nxd7 41. Bxd7 Kg7 42. Kg2 Kf6 43. Rd2 Be3 44. Rd5 c4 45. Bf5 Bf4 46. Bg6 Rb2+ 47. Kf1 Rb3 48. h4 Rb1 49. hxg5+ Bxg5 50. Bxe4 Ra1 51. Rf5+ 1-0

[Event "RA-2021-0-00678"]
[Site "LSS email"]
[Date "2021.03.17"]
[Round "?"]
[White "Pilgram, Kurt"]
[Black "Mujica, Hector"]
[Result "1/2-1/2"]
[WhiteElo "2154"]
[BlackElo "2118"]
[PlyCount "59"]
[EventDate "2020.11.18"]
[EventType "tourn (corr)"]
[EventRounds "6"]
[EventCountry "GER"]
[SourceTitle "Corr 2024"]
[Source "ChessBase"]
[SourceDate "2023.10.19"]
[SourceVersion "1"]
[SourceVersionDate "2023.10.19"]
[SourceQuality "1"]

1. e4 c5 2. Nf3 d6 3. d4 cxd4 4. Nxd4 Nf6 5. Nc3 a6 6. f3 e5 7. Nb3 Be6 8. Be3 Be7 9. Qd2 0-0 10. 0-0-0 Nbd7 11. g4 b5 12. g5 Nh5 13. Kb1 Nb6 14. Na5 Rc8 15. Nd5 Nxd5 16. exd5 Bxd5 17. Qxd5 Qxa5 18. c4 Nf4 19. Bxf4 exf4 20. h4 Qa4 21. Re1 Rc5 22. Qd2 Re5 23. cxb5 axb5 24. Rxe5 dxe5 25. Qd5 Rc8 26. Bd3 e4 27. Qxe4 Qxe4 28. Bxe4 b4 29. Re1 Kf8 30. Bd3 1/2-1/2

[Event "LSS SA-2020-0-00738"]
[Site "LSS email"]
[Date "2020.10.10"]
[Round "?"]
[White "Mujica, Hector"]
[Black "Nucci, Luciano"]
[Result "1/2-1/2"]
[WhiteElo "2096"]
[BlackElo "2030"]
[PlyCount "94"]
[EventDate "2020.09.17"]
[EventType "tourn (corr)"]
[EventRounds "6"]
[EventCountry "GER"]
[SourceTitle "Corr 2024"]
[Source "ChessBase"]
[SourceDate "2023.10.19"]
[SourceVersion "1"]
[SourceVersionDate "2023.10.19"]
[SourceQuality "1"]

1. d4 d5 2. c4 c6 3. cxd5 cxd5 4. Bf4 Nc6 5. e3 Bf5 6. Qb3 Qd7 7. Nf3 f6 8. Bb5 e6 9. 0-0 Rc8 10. Rc1 g5 11. Bg3 Kf7 12. h4 h6 13. Nc3 Bd6 14. Bxd6 Qxd6 15. Be2 Nge7 16. Qxb7 Rb8 17. Qa6 Rxb2 18. Na4 Rc2 19. Rxc2 Bxc2 20. Nc5 Rb8 21. hxg5 hxg5 22. Nd2 Bg6 23. Rc1 Rb6 24. Qa3 a5 25. Bg4 Bf5 26. Bh5+ Kg7 27. Be2 Rb8 28. Nf1 Bg6 29. Ng3 Kf7 30. Qa4 f5 31. Bb5 f4 32. Nf1 Rb6 33. Bxc6 Nxc6 34. a3 Bf5 35. Qd1 e5 36. dxe5 Nxe5 37. Qh5+ Qg6 38. Qd1 Qd6 39. exf4 gxf4 40. Qd4 Nc6 41. Qd2 Rb8 42. Nd3 Nd4 43. Rd1 Rg8 44. Ne1 Nb3 45. Qxd5+ Qxd5 46. Rxd5 Be6 47. Rh5 Kg6 1/2-1/2

[Event "SA-2020-0-00733"]
[Site "LSS email"]
[Date "2020.08.28"]
[Round "?"]
[White "Hlavica, Bretislav"]
[Black "Mujica, Hector"]
[Result "1/2-1/2"]
[WhiteElo "2079"]
[BlackElo "2062"]
[PlyCount "59"]
[EventDate "2020.08.02"]
[EventType "tourn (corr)"]
[EventRounds "6"]
[EventCountry "GER"]
[SourceTitle "Corr 2022"]
[Source "ChessBase"]
[SourceDate "2021.10.24"]
[SourceVersion "1"]
[SourceVersionDate "2021.10.24"]
[SourceQuality "1"]

1. d4 Nf6 2. c4 e6 3. Nc3 Bb4 4. e3 0-0 5. Bd3 d5 6. Nf3 c5 7. 0-0 Nc6 8. a3 Bxc3 9. bxc3 Na5 10. cxd5 exd5 11. Ne5 c4 12. Bc2 Ne4 13. f3 Nxc3 14. Qe1 Nb5 15. a4 Nd6 16. Ba3 f6 17. Ng4 Nb3 18. Rd1 Rf7 19. Qb4 Bxg4 20. fxg4 Rd7 21. g5 fxg5 22. Bxb3 cxb3 23. Qxb3 Nf7 24. e4 dxe4 25. Qe6 Rc8 26. h3 h6 27. Rde1 Rc3 28. Bc5 e3 29. a5 Qc7 30. Qe8+ 1/2-1/2

[Event "SA-2020-0-00728"]
[Site "LSS email"]
[Date "2020.07.16"]
[Round "?"]
[White "Mujica, Hector"]
[Black "Kazimierski, Tomasz"]
[Result "1-0"]
[WhiteElo "2055"]
[BlackElo "1954"]
[PlyCount "61"]
[EventDate "2020.06.09"]
[EventType "tourn (corr)"]
[EventRounds "6"]
[EventCountry "GER"]
[SourceTitle "Corr 2022"]
[Source "ChessBase"]
[SourceDate "2021.10.24"]
[SourceVersion "1"]
[SourceVersionDate "2021.10.24"]
[SourceQuality "1"]

1. d4 e6 2. e4 d5 3. Nd2 b6 4. Ngf3 Nf6 5. e5 Nfd7 6. c3 Be7 7. h4 c5 8. h5 h6 9. Rh3 0-0 10. Nb1 Kh8 11. Bf4 f6 12. Nh4 fxe5 13. Ng6+ Kh7 14. Bxe5 cxd4 15. cxd4 Nxe5 16. dxe5 Rf7 17. Nc3 Bc5 18. f4 Kg8 19. Qg4 b5 20. 0-0-0 Nc6 21. Ne4 Qb6 22. Nxc5 Qxc5+ 23. Kb1 b4 24. Rc1 Qb6 25. Qd1 Ne7 26. g4 Bb7 27. g5 Qg1 28. gxh6 Nf5 29. hxg7 d4 30. Nh4 Be4+ 31. Bd3 1-0

[Event "RA-2020-0-00664"]
[Site "LSS email"]
[Date "2020.06.28"]
[Round "?"]
[White "Mujica, Hector"]
[Black "Koronowski, Heinz Juergen"]
[Result "1/2-1/2"]
[WhiteElo "2047"]
[BlackElo "2041"]
[PlyCount "64"]
[EventDate "2020.03.31"]
[EventType "tourn (corr)"]
[EventRounds "6"]
[EventCountry "GER"]
[SourceTitle "Corr 2022"]
[Source "ChessBase"]
[SourceDate "2021.10.24"]
[SourceVersion "1"]
[SourceVersionDate "2021.10.24"]
[SourceQuality "1"]

1. d4 Nf6 2. c4 g6 3. Nc3 d5 4. cxd5 Nxd5 5. e4 Nxc3 6. bxc3 Bg7 7. Nf3 c5 8. Bb5+ Nc6 9. 0-0 0-0 10. Bxc6 bxc6 11. Ba3 cxd4 12. cxd4 Bg4 13. Bc5 Re8 14. e5 Qd5 15. h3 Bxf3 16. Qxf3 Qxf3 17. gxf3 Bf8 18. Rfc1 Reb8 19. a4 a5 20. Rab1 Bh6 21. Rxb8+ Rxb8 22. Rc4 Bf8 23. Ba3 e6 24. Bc1 Rb4 25. Rxc6 Rxd4 26. Rc8 Kg7 27. Bg5 Ba3 28. Kg2 Rxa4 29. h4 Rd4 30. Bf6+ Kh6 31. Bg5+ Kg7 32. Bf6+ Kh6 1/2-1/2

[Event "RA-2020-0-00664"]
[Site "LSS email"]
[Date "2020.06.26"]
[Round "?"]
[White "Rodriguez, Raul"]
[Black "Mujica, Hector"]
[Result "1/2-1/2"]
[WhiteElo "2059"]
[BlackElo "2047"]
[PlyCount "102"]
[EventDate "2020.03.31"]
[EventType "tourn (corr)"]
[EventRounds "6"]
[EventCountry "GER"]
[SourceTitle "Corr 2022"]
[Source "ChessBase"]
[SourceDate "2021.10.24"]
[SourceVersion "1"]
[SourceVersionDate "2021.10.24"]
[SourceQuality "1"]

1. e4 c5 2. Nf3 d6 3. d4 cxd4 4. Qxd4 Nc6 5. Bb5 Bd7 6. Bxc6 Bxc6 7. c4 Nf6 8. Nc3 g6 9. 0-0 Bg7 10. Qd3 0-0 11. Rd1 Qb6 12. Nd4 Ng4 13. Qd2 Nf6 14. Qe2 Rfe8 15. Nxc6 bxc6 16. Rb1 Nd7 17. Na4 Qc7 18. b3 Rad8 19. h3 Nf8 20. Bd2 Ne6 21. Nc3 c5 22. Qd3 Qc8 23. Ne2 Qa6 24. Qc2 Rb8 25. Bc3 Bxc3 26. Nxc3 Nd4 27. Qd3 Qc8 28. Nd5 Qd8 29. b4 e6 30. Ne3 Qg5 31. Rf1 Kh8 32. Rfd1 Kg8 33. a4 Nf3+ 34. Kh1 Ne5 35. Qxd6 cxb4 36. f4 Qg3 37. c5 Qxe3 38. fxe5 Rec8 39. c6 Qb6 40. Rdc1 Qc7 41. Rxb4 Qxd6 42. exd6 Rxb4 43. d7 Rbb8 44. dxc8R+ Rxc8 45. e5 Kf8 46. Kh2 h6 47. Kg3 Ke7 48. Kf4 Kd8 49. Ke4 Kc7 50. a5 Rb8 51. Rf1 Rf8 1/2-1/2

[Event "SA-2020-0-00725"]
[Site "LSS email"]
[Date "2020.06.11"]
[Round "?"]
[White "Celan, Melissa"]
[Black "Mujica, Hector"]
[Result "1/2-1/2"]
[WhiteElo "2094"]
[BlackElo "2047"]
[PlyCount "102"]
[EventDate "2020.05.02"]
[EventType "tourn (corr)"]
[EventRounds "6"]
[EventCountry "GER"]
[SourceTitle "Corr 2022"]
[Source "ChessBase"]
[SourceDate "2021.10.24"]
[SourceVersion "1"]
[SourceVersionDate "2021.10.24"]
[SourceQuality "1"]

1. d4 Nf6 2. Nf3 e6 3. g3 b5 4. Bg2 d5 5. c3 Nbd7 6. 0-0 a5 7. a4 b4 8. c4 Bb7 9. c5 Nb8 10. Nbd2 Nfd7 11. Re1 Be7 12. Nb3 Nc6 13. h4 h6 14. Qc2 f5 15. Be3 Kf7 16. Qc1 Rg8 17. h5 Rf8 18. Bf4 Nf6 19. Ne5+ Nxe5 20. Bxe5 Nxh5 21. Bf3 Nf6 22. c6 Bc8 23. Kg2 Kg8 24. Qd1 Bd6 25. e3 Qe7 26. Rh1 Ne4 27. Bf4 Kh7 28. Qc2 Ba6 29. Nxa5 g5 30. Bxd6 cxd6 31. Nb3 Kg7 32. Be2 Qf7 33. Bb5 f4 34. exf4 gxf4 35. Raf1 Qf5 36. Qd1 f3+ 37. Kg1 Rfb8 38. Qc1 Qg5 39. Qxg5+ Nxg5 40. Ra1 Rb6 41. Kh2 Ne4 42. Rhe1 Rc8 43. Re3 Nxf2 44. Rxf3 Ne4 45. g4 Rc7 46. Rf4 Ng5 47. Nc1 Bxb5 48. axb5 Rxb5 49. Ra6 b3 50. Nd3 Rb8 51. Kg3 Ne4+ 1/2-1/2

[Event "SA-2020-0-00725"]
[Site "LSS email"]
[Date "2020.06.11"]
[Round "?"]
[White "Mujica, Hector"]
[Black "Rodriguez, Raul"]
[Result "1/2-1/2"]
[WhiteElo "2047"]
[BlackElo "2058"]
[PlyCount "98"]
[EventDate "2020.05.02"]
[EventType "tourn (corr)"]
[EventRounds "6"]
[EventCountry "GER"]
[SourceTitle "Corr 2022"]
[Source "ChessBase"]
[SourceDate "2021.10.24"]
[SourceVersion "1"]
[SourceVersionDate "2021.10.24"]
[SourceQuality "1"]

1. d4 e6 2. e4 d5 3. Nc3 Nf6 4. Bg5 dxe4 5. Nxe4 Be7 6. Nxf6+ Bxf6 7. Bxf6 Qxf6 8. c3 0-0 9. Qf3 Nd7 10. Qxf6 Nxf6 11. Nf3 b6 12. Ne5 Bb7 13. f3 Nd5 14. Kf2 f6 15. Nc4 h5 16. h4 a5 17. a4 Kf7 18. Bd3 Ba6 19. Rhd1 Rfb8 20. Rd2 Bxc4 21. Bxc4 c6 22. Bd3 g6 23. Be4 Rd8 24. Bc2 Rd6 25. Bb3 Rad8 26. Rad1 Nc7 27. g4 Nd5 28. g5 Nc7 29. f4 b5 30. Ra1 b4 31. Rb1 Ke7 32. Ke3 fxg5 33. fxg5 c5 34. cxb4 cxd4+ 35. Ke4 Na6 36. Rc1 Nxb4 37. Rc7+ Ke8 38. Rg7 Na6 39. Ke5 Nc5 40. Bc4 d3 41. Rc7 Na6 42. Rg7 Nc5 43. Rc7 Na6 44. Bb5+ Kf8 45. Rf2+ Kg8 46. Bxa6 Rxa6 47. Rff7 Rd5+ 48. Ke4 d2 49. Rg7+ Kh8 1/2-1/2

[Event "RA-2017-0-00519"]
[Site "LSS email"]
[Date "2017.05.25"]
[Round "?"]
[White "Mujica, Hector"]
[Black "Vaassen, Jack M"]
[Result "1/2-1/2"]
[WhiteElo "1997"]
[BlackElo "2197"]
[PlyCount "103"]
[EventDate "2017.05.09"]
[EventType "tourn (corr)"]
[EventRounds "6"]
[EventCountry "GER"]
[SourceTitle "Corr 2022"]
[Source "ChessBase"]
[SourceDate "2021.10.24"]
[SourceVersion "1"]
[SourceVersionDate "2021.10.24"]
[SourceQuality "1"]

1. e4 Nf6 2. e5 Nd5 3. d4 d6 4. Nf3 Bg4 5. Be2 e6 6. 0-0 Nc6 7. c4 Nb6 8. exd6 cxd6 9. b3 Be7 10. Nc3 Bf6 11. h3 Bxf3 12. Bxf3 0-0 13. Be3 d5 14. cxd5 Nxd5 15. Nxd5 exd5 16. Qd3 Qd6 17. Rfe1 Rfe8 18. Rac1 Rad8 19. Re2 Qb4 20. Qd2 Qxd2 21. Rxd2 Be7 22. Ra1 g6 23. Rc2 a6 24. a3 f5 25. g3 Rd7 26. b4 h5 27. Kg2 h4 28. g4 Bf6 29. Rc5 f4 30. Rxd5 Rf7 31. Bd2 Nxd4 32. Rc1 g5 33. Rc4 Nxf3 34. Kxf3 Rd8 35. Rxd8+ Bxd8 36. Bc3 Rd7 37. Ke4 Kf7 38. Rc5 Re7+ 39. Kf5 Rd7 40. Rc8 Rd5+ 41. Be5 a5 42. bxa5 Bxa5 43. Ke4 Rd1 44. Bd4 Re1+ 45. Kf5 Rd1 46. Ra8 Be1 47. Ra4 Rd3 48. Kxg5 b5 49. Ra7+ Ke6 50. Ra8 Kd7 51. Bb6 Kc6 52. Re8 1/2-1/2

[Event "RA-2017-0-00519"]
[Site "LSS email"]
[Date "2017.05.25"]
[Round "?"]
[White "Willmann, Bernd"]
[Black "Mujica, Hector"]
[Result "1/2-1/2"]
[WhiteElo "2288"]
[BlackElo "1997"]
[PlyCount "55"]
[EventDate "2017.05.09"]
[EventType "tourn (corr)"]
[EventRounds "6"]
[EventCountry "GER"]
[SourceTitle "Corr 2022"]
[Source "ChessBase"]
[SourceDate "2021.10.24"]
[SourceVersion "1"]
[SourceVersionDate "2021.10.24"]
[SourceQuality "1"]

1. d4 Nf6 2. c4 e6 3. Nc3 Bb4 4. Qc2 d5 5. cxd5 Qxd5 6. e3 c5 7. Bd2 Bxc3 8. Bxc3 cxd4 9. Bxd4 Nc6 10. Bxf6 gxf6 11. Ne2 Bd7 12. a3 Qa5+ 13. Nc3 Ne7 14. Bc4 Bc6 15. 0-0 Rc8 16. Bd3 f5 17. Rfe1 0-0 18. Rad1 Rfd8 19. Bc4 Bxg2 20. Bxe6 fxe6 21. Kxg2 Qb6 22. Re2 Qc6+ 23. e4 Rxd1 24. Qxd1 Ng6 25. Rd2 fxe4 26. Rd6 Qc4 27. Rd4 Qc7 28. Rd7 1/2-1/2

[Event "WC-2017-P-00011"]
[Site "LSS email"]
[Date "2017.01.23"]
[Round "?"]
[White "Mostowik, Daniel"]
[Black "Mujica, Hector"]
[Result "1/2-1/2"]
[WhiteElo "2166"]
[BlackElo "1984"]
[PlyCount "97"]
[EventDate "2017.02.01"]
[EventType "tourn (corr)"]
[EventRounds "12"]
[EventCountry "GER"]
[SourceTitle "Corr 2022"]
[Source "ChessBase"]
[SourceDate "2021.10.24"]
[SourceVersion "1"]
[SourceVersionDate "2021.10.24"]
[SourceQuality "1"]

1. Nf3 Nf6 2. c4 e6 3. Nc3 c5 4. g3 b6 5. Bg2 Bb7 6. 0-0 Be7 7. d4 cxd4 8. Qxd4 0-0 9. e4 Nc6 10. Qd3 Ng4 11. Qe2 Bc5 12. e5 f6 13. exf6 Nxf6 14. a3 Nd4 15. Nxd4 Bxg2 16. Kxg2 Bxd4 17. Nb5 Bc5 18. Bf4 Qc8 19. b4 Be7 20. f3 Ne8 21. Rad1 Rf7 22. Nc3 Nf6 23. Bd6 Bxd6 24. Rxd6 Qb7 25. Rfd1 Raf8 26. R6d3 Qc6 27. Rd6 Qb7 28. R6d4 Re7 29. R1d3 Rfe8 30. Ne4 Nxe4 31. Rxe4 d5 32. Red4 dxc4 33. Rxc4 Rd7 34. Re4 Rxd3 35. Qxd3 g6 36. h4 Qc7 37. Rc4 Qf7 38. b5 e5 39. a4 Qe7 40. Re4 Kg7 41. Qc3 Qe6 42. Qc4 Qxc4 43. Rxc4 Kf7 44. Kf2 Re7 45. Ke3 Ke6 46. Ke4 Rd7 47. g4 Rd1 48. Ke3 Ra1 49. Rc7 1/2-1/2

[Event "SB-2016-0-00476"]
[Site "LSS email"]
[Date "2016.11.28"]
[Round "?"]
[White "Mujica, Hector"]
[Black "Pott, Brian"]
[Result "1-0"]
[WhiteElo "1923"]
[BlackElo "1832"]
[PlyCount "77"]
[EventDate "2016.11.10"]
[EventType "tourn (corr)"]
[EventRounds "6"]
[EventCountry "GER"]
[SourceTitle "Corr 2022"]
[Source "ChessBase"]
[SourceDate "2021.10.24"]
[SourceVersion "1"]
[SourceVersionDate "2021.10.24"]
[SourceQuality "1"]

1. e4 e5 2. Nf3 Nc6 3. Bb5 a6 4. Ba4 Nf6 5. 0-0 Be7 6. Re1 b5 7. Bb3 d6 8. c3 0-0 9. h3 Na5 10. Bc2 c5 11. d4 Qc7 12. d5 Bd7 13. b3 Nb7 14. c4 bxc4 15. bxc4 Rab8 16. Bd2 Na5 17. Bd3 Rb7 18. Bc3 Rfb8 19. Nbd2 g6 20. Nf1 Be8 21. Ne3 Bd8 22. Qd2 Ra7 23. Nf5 Nd7 24. Qh6 Bf6 25. Nxd6 Qxd6 26. Bxa5 Bg7 27. Qe3 f6 28. Rab1 Nb6 29. Nd2 Bf8 30. Bc2 Rab7 31. Rb3 Kg7 32. Reb1 Bd7 33. f4 exf4 34. Qe1 Qc7 35. e5 fxe5 36. Ne4 Be8 37. Ng5 Bd7 38. Qh4 h6 39. Ne4 1-0

[Event "RB-2016-0-00328"]
[Site "LSS email"]
[Date "2016.11.15"]
[Round "?"]
[White "Gazen, Louis"]
[Black "Mujica, Hector"]
[Result "1/2-1/2"]
[WhiteElo "1952"]
[BlackElo "1901"]
[PlyCount "59"]
[EventDate "2016.09.26"]
[EventType "tourn (corr)"]
[EventRounds "6"]
[EventCountry "GER"]
[SourceTitle "Corr 2022"]
[Source "ChessBase"]
[SourceDate "2021.10.24"]
[SourceVersion "1"]
[SourceVersionDate "2021.10.24"]
[SourceQuality "1"]

1. e4 e5 2. Nf3 Nc6 3. Bb5 a6 4. Bxc6 dxc6 5. 0-0 f6 6. d4 Bg4 7. dxe5 Qxd1 8. Rxd1 fxe5 9. Be3 Bd6 10. Nbd2 Nf6 11. h3 Bh5 12. Nc4 Nxe4 13. g4 0-0 14. Nfxe5 Rae8 15. Nxd6 cxd6 16. Nc4 Bg6 17. Nxd6 Nxd6 18. Rxd6 Bxc2 19. Re1 Rd8 20. Re6 Rfe8 21. Bc5 Rxe6 22. Rxe6 Rd7 23. b4 Kf7 24. Re3 Kf6 25. Kh2 g6 26. Re8 Kf7 27. Re1 Kf6 28. Kg3 Rd3+ 29. Be3 Rd1 30. Rxd1 1/2-1/2

[Event "RB-2016-0-00328"]
[Site "LSS email"]
[Date "2016.11.14"]
[Round "?"]
[White "Mujica, Hector"]
[Black "Koronowski, Heinz Juergen"]
[Result "1-0"]
[WhiteElo "1901"]
[BlackElo "1987"]
[PlyCount "99"]
[EventDate "2016.09.26"]
[EventType "tourn (corr)"]
[EventRounds "6"]
[EventCountry "GER"]
[SourceTitle "Corr 2022"]
[Source "ChessBase"]
[SourceDate "2021.10.24"]
[SourceVersion "1"]
[SourceVersionDate "2021.10.24"]
[SourceQuality "1"]

1. e4 e5 2. Nf3 Nf6 3. Nxe5 d6 4. Nf3 Nxe4 5. d4 d5 6. Bd3 Nc6 7. 0-0 Be7 8. c4 Nb4 9. Be2 0-0 10. Nc3 Bf5 11. a3 Nxc3 12. bxc3 Nc6 13. Re1 Re8 14. cxd5 Qxd5 15. Bf4 Rac8 16. Bd3 Qd7 17. Rb1 b6 18. d5 Bxd3 19. Qxd3 Bxa3 20. Ng5 g6 21. Ne4 Qf5 22. Bxc7 Rxc7 23. Nf6+ Qxf6 24. Rxe8+ Kg7 25. dxc6 Bc5 26. Rb2 Rxc6 27. Qd8 Qxd8 28. Rxd8 a5 29. Kf1 Ba3 30. Rb3 Bd6 31. Ke2 Bc5 32. Rb2 Re6+ 33. Kd1 h5 34. Re2 Rf6 35. f3 Bg1 36. h3 Rf4 37. Kc2 Bc5 38. Ree8 Kf6 39. Rd5 Ra4 40. g4 Ra2+ 41. Kb3 Rg2 42. Ree5 hxg4 43. hxg4 Kg7 44. g5 Rg1 45. Re8 Rg3 46. f4 Re3 47. Rc8 Re4 48. Rdd8 f6 49. Rc7+ Be7 50. Rdd7 1-0